000 01228nam a2200313 a 4500
001 000112939
003 CHAP
005 20220329144329.0
008 170221s2016 mx sm |||||||spa d
010 _a109400
011 _a110372
040 _cCHAP
090 _aTesis
100 1 _aGarcía Ovilla, Rafael
_9131559
245 1 0 _aEfecto in vitro de los bioaceites esenciales y extractos de plantas en la viabilidad de huevos y larvas de nematodos gastrointestinales de ovinos
_h[En línea]
_cpor Rafael García Ovilla.
260 _aTabasco, Méx. :
_bEl autor,
_c2016.
500 _aPara ver el contenido del material haga clic en la liga
502 _aTesis (Ing. Agr. Esp. en Zonas Tropicales) -- UACH. Unidad Regional Universitaria Sursureste
590 _aE11695DGD
_b10
_c20170222
_lUCH01
_h1334
590 _aE5765TAJ
_b05
_c20170221
_lUCH01
_h1209
590 _aE5765TAJ
_b05
_c20170221
_lUCH01
_h1211
650 1 4 _aAceites esenciales
_xEfecto en nemátodos.
_9131560
650 1 4 _aExtractos vegetales como fungicida.
_9129639
650 1 4 _aNemátodos parásitos de ovinos.
_980834
856 _aFinding aid
_uhttp://10.13.5.2/tesis/sist112939.pdf
_zTeclea aquí
901 _aBK
942 _cTESIS
942 _n0
999 _c109400
_d109400